[Event "XLV Festival A"]
[Site "Imperia ITA"]
[Date "2003.09.07"]
[Round "9"]
[White "Jurek, Josef"]
[Black "Verrascina, Roberto"]
[WhiteElo "2342"]
[BlackElo "2226"]
[Result "1-0"]
[PlyCount "81"]
[EventDate "2003.08.31"]

1. Nf3 d5 2. c4 e6 3. g3 Nf6 4. Bg2 Be7 5. O-O O-O 6. d4 b6 7. cxd5 exd5 8. Nc3
Bb7 9. Bf4 Nbd7 10. Rc1 Nh5 11. Be3 g6 12. Re1 Ng7 13. Qb3 c6 14. Bh6 Re8 15.
Bxg7 Kxg7 16. e4 dxe4 17. Nxe4 Rc8 18. Rcd1 Nf6 19. Ne5 Nd5 20. h4 f6 21. Nc4
Rc7 22. Nc3 Nxc3 23. bxc3 Bf8 24. Ne3 Qd7 25. c4 Qf7 26. Qa4 a6 27. Qc2 Kh8 28.
Rd3 Bc8 29. Red1 Bh6 30. Kh2 f5 31. f4 Rce7 32. Qb3 Qf6 33. d5 Bxf4 34. gxf4
Qxh4+ 35. Kg1 cxd5 36. Qb2+ Kg8 37. Bxd5+ Be6 38. Qf2 Qh5 39. Bc6 Bxc4 40. Bf3
Qh6 41. Nxc4 1-0

[Event "XLV Festival A"]
[Site "Imperia ITA"]
[Date "2003.09.07"]
[Round "9"]
[White "Machalek, Bedrich"]
[Black "Scacco, Mauro"]
[WhiteElo "2056"]
[BlackElo "2090"]
[Result "0-1"]
[PlyCount "56"]
[EventDate "2003.08.31"]

1. e4 e5 2. Nf3 Nc6 3. Bc4 Bc5 4. d3 d6 5. c3 Nf6 6. Bg5 h6 7. Bh4 g5 8. Bg3
Bg4 9. Nbd2 Qe7 10. h3 Bd7 11. b4 Bb6 12. a4 a5 13. b5 Nd8 14. Qe2 Nh5 15.
O-O-O Ne6 16. Bh2 Nhf4 17. Qf1 Nc5 18. Bxf4 gxf4 19. Kc2 Nxa4 20. d4 d5 21. Ra1
Nxc3 22. Nxe5 Bxd4 23. Nxd7 dxc4 24. Qxc4 Qxd7 25. Nf3 Nxb5 26. Ra4 c5 27. Nxd4
Nxd4+ 28. Kc1 b5 0-1

[Event "XLV Festival A"]
[Site "Imperia ITA"]
[Date "2003.09.07"]
[Round "9"]
[White "Miladinovic, Igor"]
[Black "Fedorchuk, Sergey A."]
[WhiteElo "2609"]
[BlackElo "2557"]
[Result "1/2-1/2"]
[PlyCount "20"]
[EventDate "2003.08.31"]

1. d4 Nf6 2. c4 e6 3. Nc3 Bb4 4. g3 c5 5. Nf3 cxd4 6. Nxd4 O-O 7. Bg2 d5 8.
cxd5 Nxd5 9. Bd2 Nxc3 10. bxc3 Be7 1/2-1/2

[Event "XLV Festival A"]
[Site "Imperia ITA"]
[Date "2003.09.07"]
[Round "9"]
[White "Mrdja, Milan"]
[Black "Jasny, Stanislav"]
[WhiteElo "2384"]
[BlackElo "2319"]
[Result "1-0"]
[PlyCount "65"]
[EventDate "2003.08.31"]

1. c4 c5 2. Nf3 d6 3. d4 cxd4 4. Nxd4 Nf6 5. f3 a6 6. e4 e6 7. Nc3 Be7 8. Be2
O-O 9. O-O b6 10. Be3 Bb7 11. Rc1 Nbd7 12. Qd2 Rc8 13. b3 Qc7 14. g4 Qb8 15. g5
Ne8 16. f4 Nc5 17. f5 Nxe4 18. Nxe4 Bxe4 19. fxe6 Nc7 20. exf7+ Rxf7 21. Rxf7
Kxf7 22. Bg4 Rf8 23. Nf5 Bxf5 24. Bxf5 g6 25. Bg4 Qb7 26. Bf3 d5 27. Rf1 Ke8
28. cxd5 Bd6 29. Qd4 b5 30. Be4 Qc8 31. Rxf8+ Bxf8 32. Qe5+ Kf7 33. Qf4+ 1-0

[Event "XLV Festival A"]
[Site "Imperia ITA"]
[Date "2003.09.07"]
[Round "9"]
[White "Payen, Arnaud"]
[Black "Vrana, Frantisek"]
[WhiteElo "2363"]
[BlackElo "2300"]
[Result "1/2-1/2"]
[PlyCount "77"]
[EventDate "2003.08.31"]

1. d4 Nf6 2. Nf3 g6 3. c4 Bg7 4. g3 O-O 5. Bg2 d6 6. Nc3 Nc6 7. O-O a6 8. Qd3
Bg4 9. h3 Bxf3 10. Bxf3 Nd7 11. e3 f5 12. Rd1 Kh8 13. Bg2 e5 14. dxe5 Ncxe5 15.
Qc2 c6 16. b3 Qe7 17. Rb1 Rad8 18. f4 Nf7 19. e4 Nh6 20. Be3 Nc5 21. Bf2 g5 22.
fxg5 Qxg5 23. b4 Nxe4 24. Nxe4 fxe4 25. Qxe4 Nf5 26. Qg4 Qxg4 27. hxg4 Nh6 28.
b5 axb5 29. cxb5 Nxg4 30. Bb6 Ra8 31. bxc6 bxc6 32. Bxc6 Rxa2 33. Rxd6 Ra3 34.
Rd2 Rxg3+ 35. Rg2 Rxg2+ 36. Kxg2 Ne5 37. Bd5 Rb8 38. Rb3 Ng6 39. Bc7 1/2-1/2

[Event "XLV Festival A"]
[Site "Imperia ITA"]
[Date "2003.09.07"]
[Round "9"]
[White "Pedemonte, Claudio"]
[Black "Krouzel, Jaroslav"]
[WhiteElo "1974"]
[BlackElo "2143"]
[Result "1/2-1/2"]
[PlyCount "58"]
[EventDate "2003.08.31"]

1. c4 f5 2. Nf3 Nf6 3. g3 g6 4. Bg2 Bg7 5. O-O O-O 6. d4 d6 7. b3 Qe8 8. Bb2 h6
9. Nc3 c6 10. d5 c5 11. Qc2 Qf7 12. Nh4 Ng4 13. h3 g5 14. Nf3 Ne5 15. Nxe5 Bxe5
16. Nb5 Bxb2 17. Qxb2 Na6 18. f4 Bd7 19. Nc3 Qg7 20. Kh2 Nc7 21. Qd2 b5 22.
cxb5 Nxb5 23. Nxb5 Bxb5 24. Rfe1 Qd4 25. Qa5 Qb4 26. Qc7 Rfe8 27. a4 Rac8 28.
Qxa7 Ra8 29. Qb7 Rab8 1/2-1/2

[Event "XLV Festival A"]
[Site "Imperia ITA"]
[Date "2003.09.07"]
[Round "9"]
[White "Rojicek, Vojtech"]
[Black "Kantorik, Marian"]
[WhiteElo "2117"]
[BlackElo "2272"]
[Result "0-1"]
[PlyCount "62"]
[EventDate "2003.08.31"]

1. e4 Nf6 2. e5 Nd5 3. d4 d6 4. c4 Nb6 5. exd6 exd6 6. Nf3 Bg4 7. Be2 Be7 8.
O-O O-O 9. Nc3 Nc6 10. b3 Bf6 11. Be3 d5 12. c5 Nc8 13. b4 N8e7 14. b5 Bxf3 15.
Bxf3 Na5 16. Qd3 c6 17. Rab1 Re8 18. Bf4 Nc4 19. bxc6 bxc6 20. Bg4 Ng6 21. Bg3
Re7 22. h3 Nf8 23. Rb3 g6 24. h4 h5 25. Bh3 Re8 26. Rfb1 Bxh4 27. Rb8 Qf6 28.
Bxh4 Qxh4 29. R8b7 Re7 30. Ne2 Rae8 31. Ng3 Qf4 0-1

[Event "XLV Festival A"]
[Site "Imperia ITA"]
[Date "2003.09.07"]
[Round "9"]
[White "Roversi, Stefano"]
[Black "Gallitto, Salvatore"]
[WhiteElo "2008"]
[BlackElo "2010"]
[Result "1/2-1/2"]
[PlyCount "32"]
[EventDate "2003.08.31"]

1. e4 e5 2. Nf3 Nc6 3. Bb5 a6 4. Ba4 Nf6 5. O-O Be7 6. Re1 b5 7. Bb3 O-O 8. a4
Bb7 9. axb5 axb5 10. Rxa8 Bxa8 11. Nc3 b4 12. Nd5 Nxd5 13. Bxd5 d6 14. d3 Na7
15. Bd2 c5 16. Bxa8 Qxa8 1/2-1/2

[Event "XLV Festival A"]
[Site "Imperia ITA"]
[Date "2003.09.07"]
[Round "9"]
[White "Van Hoolandt, Patrick"]
[Black "Mozny, Milos"]
[WhiteElo "2301"]
[BlackElo "2364"]
[Result "0-1"]
[PlyCount "56"]
[EventDate "2003.08.31"]

1. c4 e6 2. Nf3 d5 3. b3 c5 4. g3 Nc6 5. Bg2 Be7 6. Bb2 d4 7. O-O h5 8. e3 e5
9. exd4 exd4 10. Re1 Be6 11. h4 g5 12. hxg5 Bxg5 13. Ne5 Nge7 14. Nxc6 Nxc6 15.
f4 Be7 16. Qf3 Qd7 17. a3 h4 18. b4 Rg8 19. gxh4 O-O-O 20. b5 Na5 21. Nc3 dxc3
22. Bxc3 Nxc4 23. Kh2 Bxh4 24. Rxe6 Rxg2+ 25. Qxg2 Qxe6 26. Rc1 Be7 27. d4 Rh8+
28. Kg1 Qe3+ 0-1

[Event "XLV Festival A"]
[Site "Imperia ITA"]
[Date "2003.09.07"]
[Round "9"]
[White "Verrascina, Nicola"]
[Black "Russi, Roberto"]
[WhiteElo "2102"]
[BlackElo "2125"]
[Result "1-0"]
[PlyCount "77"]
[EventDate "2003.08.31"]

1. e4 c5 2. Nf3 e6 3. b4 b6 4. bxc5 bxc5 5. Nc3 g6 6. Bc4 Bg7 7. e5 d5 8. exd6
Qxd6 9. O-O Nf6 10. Rb1 O-O 11. d3 Nbd7 12. Ng5 Nb6 13. Nge4 Nxe4 14. Nxe4 Qe7
15. Ba3 Nd7 16. Qf3 Ne5 17. Nf6+ Bxf6 18. Qxa8 Nxc4 19. dxc4 Ba6 20. Qc6 Bxc4
21. Bxc5 Qe8 22. Qd6 Bxf1 23. Qxf8+ Qxf8 24. Bxf8 Kxf8 25. Kxf1 h5 26. Ke2 Bd4
27. Rb7 e5 28. f3 f5 29. Kd3 Bb6 30. a4 g5 31. h3 h4 32. Kc4 Bf2 33. Kd5 Bd4
34. c4 Ke8 35. c5 Kd8 36. Rf7 g4 37. hxg4 fxg4 38. fxg4 Kc8 39. g5 1-0